000 00572nam a2200241Ia 4500
005 20260320200915.0
008 008 262003s9999 xx 000 0 eng d
037 _aEBOOK
040 _aCRL
040 _beng
040 _cCRL
041 _2eng
041 _aeng
084 _qCRL
100 _aMatsuura
_91133752
245 0 _aManaging Intellectual Assets in the Digital Age
260 _bIEEE
260 _c2003
856 _uhttps://ieeexplore.ieee.org/servlet/opac?bknumber=9100434
942 _cEBOOK
999 _c1717610
_d1717610